[Event "MPJ_D18"]
[Site "?"]
[Date "2016.03.13"]
[Round "1.1"]
[White "Wozniak, Mariola"]
[Black "Posuniak, Weronika"]
[Result "1-0"]
[BlackElo "1731"]
[WhiteElo "2154"]
[LiveChessVersion "1.4.8"]

1. e4 {[%clk 1:30:59]} c6 {[%clk 1:30:52]} 2. d4 {[%clk 1:31:25]} d5
{[%clk 1:31:17]} 3. Nc3 {[%clk 1:31:49]} dxe4 {[%clk 1:31:29]} 4. Nxe4
{[%clk 1:32:13]} Bf5 {[%clk 1:31:50]} 5. Ng3 {[%clk 1:32:38]} Bg6
{[%clk 1:32:14]} 6. Nh3 {[%clk 1:33:04]} h6 {[%clk 1:30:25]} 7. Nf4
{[%clk 1:31:52]} Bh7 {[%clk 1:29:57]} 8. Bc4 {[%clk 1:30:31]} Nf6
{[%clk 1:27:03]} 9. O-O {[%clk 1:28:13]} e6 {[%clk 1:24:55]} 10. Re1
{[%clk 1:23:05]} Bg8 {[%clk 1:09:08]} 11. Bb3 {[%clk 1:05:33]} Na6
{[%clk 1:05:29]} 12. d5 {[%clk 0:59:36]} Nc5 {[%clk 0:57:30]} 13. dxe6
{[%clk 0:58:36]} fxe6 {[%clk 0:54:24]} 14. Qe2 {[%clk 0:57:16]} Nd5
{[%clk 0:49:01]} 15. Bxd5 {[%clk 0:52:48]} cxd5 {[%clk 0:49:19]} 16. b4
{[%clk 0:49:55]} g5 {[%clk 0:43:43]} 17. Ng6 {[%clk 0:42:17]} Qf6
{[%clk 0:43:18]} 18. Ne5 {[%clk 0:42:31]} Nd7 {[%clk 0:40:59]} 19. Bb2
{[%clk 0:40:20]} Rh7 {[%clk 0:34:56]} 20. c4 {[%clk 0:31:02]} d4 {[%clk 0:23:01]}
21. Bxd4 {[%clk 0:29:22]} Bxb4 {[%clk 0:20:07]} 22. Ne4 {[%clk 0:21:58]} Qg7
{[%clk 0:09:23]} 23. Nxd7 {[%clk 0:19:11]} Qxd4 {[%clk 0:09:40]} 24. Ndf6+
{[%clk 0:18:57]} Kf8 {[%clk 0:09:17]} 25. Red1 {[%clk 0:18:25]} Qe5
{[%clk 0:08:42]} 26. Rab1 {[%clk 0:17:25]} a5 {[%clk 0:07:59]} 27. Nd7+
{[%clk 0:15:42]} Rxd7 {[%clk 0:08:23]} 28. Rxd7 {[%clk 0:16:09]} b6
{[%clk 0:07:15]} 29. Rb3 {[%clk 0:13:56]} Ke8 {[%clk 0:06:28]} 30. Rbd3
{[%clk 0:13:50]} Bf7 {[%clk 0:05:13]} 31. Qf3 {[%clk 0:13:27]} Qf5
{[%clk 0:03:35]} 32. Nf6+ {[%clk 0:13:30]} Kf8 {[%clk 0:03:56]} 33. Qxa8+
{[%clk 0:13:44]} 1-0

[Event "MPJ_D18"]
[Site "?"]
[Date "2016.03.13"]
[Round "1.2"]
[White "Burdzy, Joanna"]
[Black "Kubicka, Anna"]
[Result "0-1"]
[BlackElo "2152"]
[WhiteElo "1730"]
[LiveChessVersion "1.4.8"]

1. e4 {[%clk 1:30:56]} d6 {[%clk 1:30:47]} 2. d4 {[%clk 1:30:55]} Nf6
{[%clk 1:31:12]} 3. Bd3 {[%clk 1:29:36]} e5 {[%clk 1:31:31]} 4. dxe5
{[%clk 1:28:37]} dxe5 {[%clk 1:31:48]} 5. Nf3 {[%clk 1:28:48]} Nbd7
{[%clk 1:29:49]} 6. O-O {[%clk 1:27:03]} Be7 {[%clk 1:29:54]} 7. Nc3
{[%clk 1:22:36]} c6 {[%clk 1:29:24]} 8. Qe2 {[%clk 1:19:39]} O-O {[%clk 1:27:06]}
9. a4 {[%clk 1:16:33]} Qc7 {[%clk 1:23:55]} 10. Bc4 {[%clk 1:11:18]} Nc5
{[%clk 1:18:40]} 11. Nh4 {[%clk 1:03:04]} Re8 {[%clk 1:06:23]} 12. f4
{[%clk 0:40:48]} Bg4 {[%clk 0:49:19]} 13. Qe1 {[%clk 0:36:36]} exf4
{[%clk 0:46:08]} 14. e5 {[%clk 0:26:35]} Nh5 {[%clk 0:32:27]} 15. Bxf4
{[%clk 0:23:22]} Be6 {[%clk 0:28:53]} 16. Bxe6 {[%clk 0:19:23]} Nxe6
{[%clk 0:29:22]} 17. Bg3 {[%clk 0:17:11]} Nxg3 {[%clk 0:28:27]} 18. Qxg3
{[%clk 0:17:23]} Bxh4 {[%clk 0:24:28]} 19. Qxh4 {[%clk 0:17:38]} Qxe5
{[%clk 0:24:39]} 20. Rae1 {[%clk 0:17:20]} Qd4+ {[%clk 0:24:41]} 21. Qf2
{[%clk 0:16:40]} Qxf2+ {[%clk 0:23:18]} 22. Rxf2 {[%clk 0:15:36]} Nc5
{[%clk 0:21:00]} 23. Ref1 {[%clk 0:14:42]} f6 {[%clk 0:21:09]} 24. Rd2
{[%clk 0:11:47]} Rad8 {[%clk 0:20:47]} 25. Rfd1 {[%clk 0:10:32]} Re1+
{[%clk 0:20:35]} 26. Rxe1 {[%clk 0:09:02]} Rxd2 {[%clk 0:20:52]} 27. Rc1
{[%clk 0:08:02]} a5 {[%clk 0:19:05]} 28. Kf1 {[%clk 0:06:58]} Kf7
{[%clk 0:19:01]} 29. b3 {[%clk 0:07:21]} h5 {[%clk 0:17:34]} 30. Ne2
{[%clk 0:07:25]} g5 {[%clk 0:13:23]} 31. Ke1 {[%clk 0:07:26]} Rd7
{[%clk 0:13:37]} 32. Nc3 {[%clk 0:06:09]} f5 {[%clk 0:10:59]} 33. Ke2
{[%clk 0:06:04]} Kf6 {[%clk 0:11:03]} 34. Rf1 {[%clk 0:05:50]} Ke5
{[%clk 0:09:02]} 35. Kf3 {[%clk 0:02:34]} f4 {[%clk 0:06:10]} 36. Re1+
{[%clk 0:02:29]} Kf5 {[%clk 0:06:29]} 37. h3 {[%clk 0:02:17]} g4+
{[%clk 0:06:44]} 38. hxg4+ {[%clk 0:02:45]} hxg4+ {[%clk 0:07:11]} 39. Kf2
{[%clk 0:02:49]} Rd2+ {[%clk 0:06:58]} 40. Re2 {[%clk 0:33:11]} Ne4+
{[%clk 0:37:09]} 41. Nxe4 {[%clk 0:32:57]} Rxe2+ {[%clk 0:37:34]} 42. Kxe2
{[%clk 0:33:23]} Kxe4 {[%clk 0:37:59]} 43. c4 {[%clk 0:33:08]} f3+
{[%clk 0:38:14]} 44. gxf3+ {[%clk 0:33:34]} gxf3+ {[%clk 0:38:41]} 45. Kf2
{[%clk 0:33:57]} Kf4 0-1

[Event "MPJ_D18"]
[Site "?"]
[Date "2016.03.13"]
[Round "1.3"]
[White "Sliwicka, Alicja"]
[Black "Glapa, Anna"]
[Result "1-0"]
[BlackElo "1716"]
[WhiteElo "2093"]
[LiveChessVersion "1.4.8"]

1. e4 {[%clk 1:30:57]} c5 {[%clk 1:30:52]} 2. Nf3 {[%clk 1:31:22]} Nc6
{[%clk 1:31:17]} 3. d4 {[%clk 1:31:46]} cxd4 {[%clk 1:31:43]} 4. Nxd4
{[%clk 1:32:10]} e5 {[%clk 1:32:04]} 5. Nb5 {[%clk 1:32:07]} a6 {[%clk 1:32:23]}
6. Nd6+ {[%clk 1:30:55]} Bxd6 {[%clk 1:32:10]} 7. Qxd6 {[%clk 1:31:18]} Qe7
{[%clk 1:32:02]} 8. Qd1 {[%clk 1:31:14]} Nf6 {[%clk 1:29:23]} 9. Nc3
{[%clk 1:31:21]} d6 {[%clk 1:28:10]} 10. Bg5 {[%clk 1:30:09]} Be6
{[%clk 1:27:05]} 11. Bxf6 {[%clk 1:25:50]} gxf6 {[%clk 1:24:44]} 12. Nd5
{[%clk 1:24:00]} Bxd5 {[%clk 1:23:35]} 13. exd5 {[%clk 1:23:59]} Nb8
{[%clk 1:22:08]} 14. Bd3 {[%clk 1:23:32]} Nd7 {[%clk 0:44:44]} 15. O-O
{[%clk 1:23:25]} Nf8 {[%clk 0:39:03]} 16. Bf5 {[%clk 1:22:07]} Ng6
{[%clk 0:38:08]} 17. c4 {[%clk 1:20:46]} Qc7 {[%clk 0:36:10]} 18. Rc1
{[%clk 1:19:28]} Ne7 {[%clk 0:33:10]} 19. Qa4+ {[%clk 1:17:30]} Kf8
{[%clk 0:31:52]} 20. Qc2 {[%clk 1:15:36]} Qc5 {[%clk 0:22:19]} 21. Qe4
{[%clk 1:10:27]} Rg8 {[%clk 0:19:55]} 22. b4 {[%clk 1:06:39]} Qxb4
{[%clk 0:17:00]} 23. Rb1 {[%clk 1:06:34]} Qd2 {[%clk 0:16:37]} 24. g3
{[%clk 0:58:30]} Qg5 {[%clk 0:14:12]} 25. Bh3 {[%clk 0:57:48]} Rb8
{[%clk 0:09:53]} 26. Rb6 {[%clk 0:54:58]} f5 {[%clk 0:09:08]} 27. Qe2
{[%clk 0:51:25]} Nc8 {[%clk 0:06:39]} 28. Rb3 {[%clk 0:50:20]} f6
{[%clk 0:05:21]} 29. f4 {[%clk 0:44:23]} exf4 {[%clk 0:02:09]} 30. Bg2
{[%clk 0:43:29]} Rg7 {[%clk 0:01:21]} 31. Rxf4 {[%clk 0:42:18]} Ne7
{[%clk 0:01:29]} 32. Qe6 {[%clk 0:41:13]} Rf7 {[%clk 0:00:48]} 33. Qxd6
{[%clk 0:41:08]} Re8 {[%clk 0:01:13]} 34. Rxb7 {[%clk 0:39:43]} Kg8
{[%clk 0:01:19]} 35. Qe6 {[%clk 0:39:44]} Kf8 {[%clk 0:01:30]} 36. d6
{[%clk 0:39:42]} Qh5 {[%clk 0:01:30]} 37. dxe7+ {[%clk 0:39:08]} Rexe7
{[%clk 0:01:35]} 38. Rxe7 {[%clk 0:39:21]} Rxe7 {[%clk 0:02:02]} 39. Qxf6+
{[%clk 0:39:41]} Rf7 {[%clk 0:02:04]} 40. Qh8+ {[%clk 1:09:19]} Ke7
{[%clk 0:32:29]} 41. Rd4 {[%clk 1:09:18]} 1-0

[Event "MPJ_D18"]
[Site "?"]
[Date "2016.03.13"]
[Round "1.4"]
[White "Bebel, Agnieszka"]
[Black "Antolak, Julia"]
[Result "0-1"]
[BlackElo "2087"]
[WhiteElo "1706"]
[LiveChessVersion "1.4.8"]

1. e4 {[%clk 1:30:56]} c5 {[%clk 1:30:43]} 2. Nf3 {[%clk 1:31:12]} e6
{[%clk 1:31:00]} 3. d4 {[%clk 1:31:26]} cxd4 {[%clk 1:31:19]} 4. Nxd4
{[%clk 1:31:46]} Nf6 {[%clk 1:31:36]} 5. Nc3 {[%clk 1:32:05]} d6 {[%clk 1:32:00]}
6. Be2 {[%clk 1:32:08]} Be7 {[%clk 1:32:01]} 7. Be3 {[%clk 1:31:29]} a6
{[%clk 1:32:07]} 8. O-O {[%clk 1:30:34]} Qc7 {[%clk 1:32:11]} 9. a4
{[%clk 1:28:50]} b6 {[%clk 1:29:31]} 10. f4 {[%clk 1:26:49]} Bb7 {[%clk 1:28:54]}
11. Bf3 {[%clk 1:26:25]} Nbd7 {[%clk 1:28:22]} 12. Qe2 {[%clk 1:25:04]} O-O
{[%clk 1:25:58]} 13. g4 {[%clk 1:20:52]} Nc5 {[%clk 1:22:29]} 14. Qg2
{[%clk 1:19:05]} Rfd8 {[%clk 1:15:56]} 15. g5 {[%clk 1:16:00]} Ne8
{[%clk 1:15:44]} 16. f5 {[%clk 1:05:16]} e5 {[%clk 1:07:14]} 17. f6
{[%clk 0:59:27]} exd4 {[%clk 1:04:42]} 18. fxe7 {[%clk 0:59:19]} Rd7
{[%clk 0:54:06]} 19. Bxd4 {[%clk 0:59:03]} Ne6 {[%clk 0:53:55]} 20. Be3
{[%clk 0:56:42]} Rxe7 {[%clk 0:54:03]} 21. e5 {[%clk 0:43:12]} Nd8
{[%clk 0:39:29]} 22. Bxb7 {[%clk 0:32:29]} Qxb7 {[%clk 0:39:17]} 23. Qxb7
{[%clk 0:31:48]} Rxb7 {[%clk 0:37:28]} 24. exd6 {[%clk 0:29:42]} Nxd6
{[%clk 0:37:21]} 25. Rad1 {[%clk 0:19:23]} Nc4 {[%clk 0:34:27]} 26. Bc1
{[%clk 0:19:31]} Ne6 {[%clk 0:33:35]} 27. b3 {[%clk 0:19:02]} Ne5
{[%clk 0:33:03]} 28. Rd5 {[%clk 0:18:10]} Ng6 {[%clk 0:31:01]} 29. Ne4
{[%clk 0:17:13]} b5 {[%clk 0:24:53]} 30. axb5 {[%clk 0:15:33]} axb5
{[%clk 0:25:13]} 31. b4 {[%clk 0:13:23]} Rc7 {[%clk 0:22:44]} 32. c3
{[%clk 0:12:58]} Rc4 {[%clk 0:22:07]} 33. Re1 {[%clk 0:09:28]} Ra1
{[%clk 0:15:15]} 34. Rxb5 {[%clk 0:08:02]} h6 {[%clk 0:13:57]} 35. gxh6
{[%clk 0:07:36]} Rxe4 {[%clk 0:13:58]} 36. Rxe4 {[%clk 0:07:09]} Rxc1+
{[%clk 0:14:22]} 37. Kf2 {[%clk 0:07:18]} Rxc3 {[%clk 0:14:32]} 38. hxg7
{[%clk 0:06:58]} Kxg7 {[%clk 0:14:42]} 39. Rb7 {[%clk 0:06:44]} Kf6
{[%clk 0:43:37]} 40. Re3 {[%clk 0:35:51]} Rc2+ {[%clk 0:42:47]} 41. Re2
{[%clk 0:35:45]} Rc4 {[%clk 0:42:36]} 42. Ke1 {[%clk 0:32:18]} Ngf4
{[%clk 0:39:26]} 43. Rd2 {[%clk 0:30:56]} Nd4 {[%clk 0:37:09]} 44. Kd1
{[%clk 0:29:34]} Ke6 {[%clk 0:34:08]} 45. h4 {[%clk 0:25:27]} f5 {[%clk 0:33:51]}
46. Rh2 {[%clk 0:21:56]} Nf3 {[%clk 0:32:31]} 47. Rh1 {[%clk 0:21:02]} Nd3
{[%clk 0:28:06]} 48. Ke2 {[%clk 0:21:14]} Nde5 {[%clk 0:28:25]} 49. h5
{[%clk 0:20:30]} Rc2+ {[%clk 0:25:59]} 50. Ke3 {[%clk 0:19:23]} Rc3+
{[%clk 0:26:17]} 51. Ke2 {[%clk 0:19:24]} f4 {[%clk 0:25:45]} 52. Rb6+
{[%clk 0:18:14]} Kd5 {[%clk 0:25:28]} 53. Rd1+ {[%clk 0:18:00]} Ke4
{[%clk 0:25:48]} 54. Rbd6 {[%clk 0:13:18]} Rc2+ {[%clk 0:25:53]} 55. Kf1
{[%clk 0:13:08]} Ke3 {[%clk 0:26:00]} 56. Re1+ {[%clk 0:11:42]} Nxe1
{[%clk 0:26:20]} 57. Kxe1 {[%clk 0:12:07]} Rc1+ {[%clk 0:26:37]} 58. Rd1
{[%clk 0:12:31]} Nd3+ {[%clk 0:27:05]} 0-1

[Event "MPJ_D18"]
[Site "?"]
[Date "2016.03.13"]
[Round "1.5"]
[White "Marczuk, Anna"]
[Black "Kozubal, Aleksandra"]
[Result "1-0"]
[BlackElo "1688"]
[WhiteElo "2041"]
[LiveChessVersion "1.4.8"]

1. Nf3 {[%clk 1:30:57]} Nc6 {[%clk 1:30:44]} 2. d4 {[%clk 1:29:41]} d5
{[%clk 1:29:57]} 3. Bf4 {[%clk 1:22:46]} Nf6 {[%clk 1:22:11]} 4. e3
{[%clk 1:20:27]} Bg4 {[%clk 1:17:32]} 5. h3 {[%clk 1:14:22]} Bh5 {[%clk 1:16:20]}
6. c4 {[%clk 1:11:33]} e6 {[%clk 1:13:03]} 7. Nc3 {[%clk 1:02:23]} Be7
{[%clk 0:59:53]} 8. Be2 {[%clk 0:59:15]} O-O {[%clk 0:58:55]} 9. O-O
{[%clk 0:58:57]} dxc4 {[%clk 0:45:04]} 10. Bxc4 {[%clk 0:52:06]} Nd5
{[%clk 0:36:27]} 11. Bh2 {[%clk 0:48:30]} Bd6 {[%clk 0:29:03]} 12. Bxd6
{[%clk 0:42:43]} Qxd6 {[%clk 0:29:18]} 13. Be2 {[%clk 0:38:50]} f6
{[%clk 0:24:32]} 14. Ne4 {[%clk 0:35:41]} Qe7 {[%clk 0:22:08]} 15. Rc1
{[%clk 0:33:27]} Nd8 {[%clk 0:18:43]} 16. Nc5 {[%clk 0:28:49]} c6
{[%clk 0:17:12]} 17. Nd3 {[%clk 0:26:53]} Qd6 {[%clk 0:14:53]} 18. Qb3
{[%clk 0:24:20]} b6 {[%clk 0:13:48]} 19. Rfd1 {[%clk 0:22:02]} Kh8
{[%clk 0:12:23]} 20. Qc2 {[%clk 0:19:48]} Rc8 {[%clk 0:10:04]} 21. Qd2
{[%clk 0:19:30]} Nf7 {[%clk 0:03:58]} 22. e4 {[%clk 0:16:42]} Ne7
{[%clk 0:04:09]} 23. e5 {[%clk 0:10:32]} fxe5 {[%clk 0:03:47]} 24. dxe5
{[%clk 0:09:24]} Qd7 {[%clk 0:02:23]} 25. Qe1 {[%clk 0:06:32]} Qe8
{[%clk 0:01:52]} 26. Nd4 {[%clk 0:05:40]} Bxe2 {[%clk 0:02:12]} 27. Qxe2
{[%clk 0:05:50]} Ng6 {[%clk 0:01:34]} 28. b4 {[%clk 0:02:15]} Nh6
{[%clk 0:01:06]} 29. Qe4 {[%clk 0:01:54]} c5 {[%clk 0:00:53]} 30. bxc5
{[%clk 0:02:08]} bxc5 {[%clk 0:01:13]} 31. Nxc5 {[%clk 0:02:11]} Rf4
{[%clk 0:01:31]} 32. Qe3 {[%clk 0:02:19]} Nf5 {[%clk 0:01:26]} 33. Nxf5
{[%clk 0:02:20]} Rxf5 {[%clk 0:01:50]} 34. Nd3 {[%clk 0:01:53]} Rd8
{[%clk 0:02:06]} 35. Qxa7 {[%clk 0:01:25]} Nxe5 {[%clk 0:02:02]} 36. Nxe5
{[%clk 0:01:48]} Rxe5 {[%clk 0:01:57]} 37. Rxd8 {[%clk 0:01:44]} Qxd8
{[%clk 0:02:22]} 38. Qb7 {[%clk 0:01:48]} 1-0

[Event "MPJ_D18"]
[Site "?"]
[Date "2016.03.13"]
[Round "1.6"]
[White "Wierzbowska, Aleksandra"]
[Black "Dadello, Aleksandra"]
[Result "0-1"]
[BlackElo "2041"]
[WhiteElo "1685"]
[LiveChessVersion "1.4.8"]

1. d4 {[%clk 1:30:56]} d5 {[%clk 1:30:54]} 2. c4 {[%clk 1:31:21]} e6
{[%clk 1:31:19]} 3. Nc3 {[%clk 1:31:46]} Be7 {[%clk 1:31:22]} 4. Bf4
{[%clk 1:32:03]} Nf6 {[%clk 1:30:57]} 5. Nf3 {[%clk 1:32:27]} c6 {[%clk 1:29:18]}
6. e3 {[%clk 1:32:48]} O-O {[%clk 1:29:15]} 7. a3 {[%clk 1:33:14]} Nbd7
{[%clk 1:27:37]} 8. c5 {[%clk 1:33:12]} b6 {[%clk 1:22:24]} 9. b4
{[%clk 1:33:31]} a5 {[%clk 1:03:40]} 10. b5 {[%clk 1:26:08]} Bb7 {[%clk 1:00:26]}
11. Qa4 {[%clk 1:21:22]} cxb5 {[%clk 0:55:36]} 12. Nxb5 {[%clk 1:18:59]} bxc5
{[%clk 0:48:45]} 13. Bc7 {[%clk 1:16:18]} Qc8 {[%clk 0:48:16]} 14. Bd6
{[%clk 1:14:28]} Bxd6 {[%clk 0:46:26]} 15. Nxd6 {[%clk 1:13:49]} Qc7
{[%clk 0:43:28]} 16. Nxb7 {[%clk 1:05:39]} Qxb7 {[%clk 0:43:50]} 17. Bb5
{[%clk 1:05:22]} Rfc8 {[%clk 0:36:07]} 18. O-O {[%clk 1:04:02]} c4
{[%clk 0:30:02]} 19. Rab1 {[%clk 1:02:44]} Qc7 {[%clk 0:27:18]} 20. Rfc1
{[%clk 1:02:00]} Nb6 {[%clk 0:21:42]} 21. Qc2 {[%clk 1:00:47]} Ne4
{[%clk 0:21:50]} 22. Ne5 {[%clk 1:00:19]} Nd6 {[%clk 0:20:09]} 23. Bc6
{[%clk 0:59:22]} Rab8 {[%clk 0:20:12]} 24. Qc3 {[%clk 0:57:01]} f6
{[%clk 0:19:50]} 25. Rxb6 {[%clk 0:54:50]} Rxb6 {[%clk 0:19:33]} 26. Bd7
{[%clk 0:55:12]} fxe5 {[%clk 0:15:50]} 27. Bxe6+ {[%clk 0:55:26]} Nf7
{[%clk 0:14:05]} 28. Bxc8 {[%clk 0:54:42]} Qxc8 {[%clk 0:14:29]} 29. Qxa5
{[%clk 0:54:29]} Qb7 {[%clk 0:14:02]} 30. dxe5 {[%clk 0:54:06]} Nxe5
{[%clk 0:14:00]} 31. h3 {[%clk 0:51:29]} Nd3 {[%clk 0:14:06]} 32. Rc2
{[%clk 0:49:30]} Rb1+ {[%clk 0:12:30]} 33. Kh2 {[%clk 0:49:54]} Qb8+
{[%clk 0:12:54]} 34. g3 {[%clk 0:50:13]} Rb5 {[%clk 0:11:55]} 35. Qa6
{[%clk 0:50:24]} Qe8 {[%clk 0:09:22]} 36. e4 {[%clk 0:49:27]} Nc5
{[%clk 0:08:55]} 37. Qd6 {[%clk 0:48:12]} Nxe4 {[%clk 0:09:12]} 38. Qf4
{[%clk 0:48:06]} Qf8 {[%clk 0:06:20]} 39. Qe3 {[%clk 0:46:00]} Rb3
{[%clk 0:06:31]} 40. Qa7 {[%clk 1:15:25]} Rxa3 {[%clk 0:36:28]} 0-1

[Event "MPJ_D18"]
[Site "?"]
[Date "2016.03.13"]
[Round "1.7"]
[White "Dmochowska, Agnieszka"]
[Black "Wilk, Oktawia"]
[Result "1-0"]
[BlackElo "1683"]
[WhiteElo "1953"]
[LiveChessVersion "1.4.8"]

1. e4 {[%clk 1:30:56]} e6 {[%clk 1:30:52]} 2. d4 {[%clk 1:31:22]} d5
{[%clk 1:31:16]} 3. Nd2 {[%clk 1:31:46]} Nf6 {[%clk 1:31:39]} 4. e5
{[%clk 1:32:10]} Nfd7 {[%clk 1:32:00]} 5. Bd3 {[%clk 1:32:30]} c5
{[%clk 1:32:22]} 6. c3 {[%clk 1:32:53]} Nc6 {[%clk 1:32:37]} 7. Ne2
{[%clk 1:33:11]} cxd4 {[%clk 1:32:43]} 8. cxd4 {[%clk 1:33:33]} f6
{[%clk 1:32:50]} 9. exf6 {[%clk 1:33:32]} Nxf6 {[%clk 1:33:06]} 10. Nf3
{[%clk 1:33:39]} Bd6 {[%clk 1:33:13]} 11. O-O {[%clk 1:31:49]} Qc7
{[%clk 1:33:14]} 12. Re1 {[%clk 1:16:59]} O-O {[%clk 1:31:26]} 13. Bg5
{[%clk 1:15:35]} g6 {[%clk 1:25:07]} 14. Rc1 {[%clk 1:12:51]} Nh5
{[%clk 1:19:39]} 15. Bh6 {[%clk 1:10:28]} Ng7 {[%clk 1:16:21]} 16. a3
{[%clk 1:05:56]} Qf7 {[%clk 1:02:05]} 17. Rf1 {[%clk 0:59:57]} Re8
{[%clk 1:00:00]} 18. Qd2 {[%clk 0:55:41]} Nf5 {[%clk 0:51:32]} 19. Bxf5
{[%clk 0:51:50]} exf5 {[%clk 0:51:02]} 20. Nc3 {[%clk 0:48:51]} Bf8
{[%clk 0:42:07]} 21. Bxf8 {[%clk 0:44:18]} Rxf8 {[%clk 0:42:30]} 22. Rfe1
{[%clk 0:38:21]} Rd8 {[%clk 0:40:14]} 23. Re2 {[%clk 0:31:36]} b6
{[%clk 0:28:36]} 24. Rce1 {[%clk 0:29:33]} Bb7 {[%clk 0:28:30]} 25. b4
{[%clk 0:21:48]} a6 {[%clk 0:18:43]} 26. Na4 {[%clk 0:17:55]} Qc7
{[%clk 0:13:56]} 27. Qh6 {[%clk 0:15:19]} Qg7 {[%clk 0:10:10]} 28. Qf4
{[%clk 0:14:40]} Qf7 {[%clk 0:08:18]} 29. Nxb6 {[%clk 0:12:37]} Rab8
{[%clk 0:08:40]} 30. Na4 {[%clk 0:09:33]} Re8 {[%clk 0:07:26]} 31. Nc5
{[%clk 0:09:52]} Rxe2 {[%clk 0:07:42]} 32. Rxe2 {[%clk 0:10:19]} Rd8
{[%clk 0:06:13]} 33. Re6 {[%clk 0:06:47]} Ba8 {[%clk 0:05:13]} 34. Ne5
{[%clk 0:06:40]} Qc7 {[%clk 0:03:18]} 35. Nxa6 {[%clk 0:05:01]} Nxd4
{[%clk 0:03:22]} 36. Nxc7 {[%clk 0:04:43]} Ne2+ {[%clk 0:03:47]} 37. Kf1
{[%clk 0:05:11]} Nxf4 {[%clk 0:04:07]} 38. Ra6 {[%clk 0:05:07]} Bb7
{[%clk 0:04:25]} 39. Rb6 {[%clk 0:05:32]} Ba8 {[%clk 0:04:12]} 40. g3
{[%clk 0:35:39]} Nh5 {[%clk 0:34:06]} 41. Ne6 Re8 {[%clk 0:33:12]} 42. f4
{[%clk 0:31:55]} Ng7 {[%clk 0:33:18]} 43. Nd4 {[%clk 0:32:12]} Rc8
{[%clk 0:33:32]} 44. a4 {[%clk 0:31:49]} Ne8 {[%clk 0:33:47]} 45. a5
{[%clk 0:31:47]} Kg7 {[%clk 0:32:53]} 46. a6 {[%clk 0:31:46]} Rc1+
{[%clk 0:33:07]} 47. Kf2 {[%clk 0:31:37]} Nc7 {[%clk 0:33:19]} 48. Rd6
{[%clk 0:31:14]} Kf8 {[%clk 0:31:35]} 49. b5 {[%clk 0:31:11]} Ke7
{[%clk 0:30:51]} 50. Rd7+ {[%clk 0:30:49]} Ke8 {[%clk 0:31:13]} 51. Rxh7
{[%clk 0:30:03]} Kd8 {[%clk 0:31:06]} 52. b6 {[%clk 0:29:16]} Nxa6
{[%clk 0:31:13]} 53. Rh8+ {[%clk 0:29:39]} Ke7 {[%clk 0:31:37]} 54. Rxa8
{[%clk 0:30:04]} Nc5 {[%clk 0:32:01]} 55. Ra7+ {[%clk 0:28:49]} 1-0

[Event "MPJ_D18"]
[Site "?"]
[Date "2016.03.13"]
[Round "1.8"]
[White "Kozaczynska, Aleksandra"]
[Black "Jedrocha, Katarzyna"]
[Result "0-1"]
[BlackElo "1923"]
[WhiteElo "1683"]
[LiveChessVersion "1.4.8"]

1. e4 {[%clk 1:30:57]} c5 {[%clk 1:30:52]} 2. Nf3 {[%clk 1:31:21]} d6
{[%clk 1:31:16]} 3. d4 {[%clk 1:31:47]} cxd4 {[%clk 1:31:40]} 4. Nxd4
{[%clk 1:32:13]} Nf6 {[%clk 1:32:02]} 5. Nc3 {[%clk 1:32:37]} a6 {[%clk 1:32:25]}
6. Bg5 {[%clk 1:32:25]} Nbd7 {[%clk 1:32:44]} 7. f4 {[%clk 1:32:28]} Qc7
{[%clk 1:33:06]} 8. Qf3 {[%clk 1:32:01]} b5 {[%clk 1:33:16]} 9. Bd3
{[%clk 1:30:54]} Bb7 {[%clk 1:33:30]} 10. g4 {[%clk 1:27:00]} b4 {[%clk 1:31:23]}
11. Nd5 {[%clk 1:20:17]} Nxd5 {[%clk 1:27:11]} 12. exd5 {[%clk 1:20:41]} g6
{[%clk 1:16:37]} 13. Nc6 {[%clk 1:13:57]} Bxc6 {[%clk 1:05:44]} 14. dxc6
{[%clk 1:14:22]} Nc5 {[%clk 1:05:38]} 15. f5 {[%clk 1:09:18]} Rc8
{[%clk 0:49:25]} 16. fxg6 {[%clk 1:05:23]} hxg6 {[%clk 0:49:06]} 17. O-O
{[%clk 1:04:48]} e6 {[%clk 0:41:27]} 18. Rf2 {[%clk 0:57:56]} Nxd3
{[%clk 0:34:40]} 19. cxd3 {[%clk 0:57:51]} Rh7 {[%clk 0:32:17]} 20. Rc1
{[%clk 0:54:01]} Bg7 {[%clk 0:28:32]} 21. Qe4 {[%clk 0:48:38]} Qb6
{[%clk 0:21:20]} 22. Be3 {[%clk 0:43:57]} Qb5 {[%clk 0:20:51]} 23. d4
{[%clk 0:39:30]} Bf8 {[%clk 0:16:42]} 24. Rfc2 {[%clk 0:34:20]} Be7
{[%clk 0:12:27]} 25. c7 {[%clk 0:30:02]} Kd7 {[%clk 0:10:01]} 26. Bf4
{[%clk 0:18:25]} Rh4 {[%clk 0:06:56]} 27. Bg3 {[%clk 0:18:08]} f5
{[%clk 0:06:22]} 28. Qe1 {[%clk 0:12:50]} Rxg4 {[%clk 0:06:16]} 29. Re2
{[%clk 0:12:57]} Qd5 {[%clk 0:04:26]} 30. Qd1 {[%clk 0:10:31]} Qxd4+
{[%clk 0:03:42]} 31. Qxd4 {[%clk 0:10:51]} Rxd4 {[%clk 0:04:09]} 32. Rec2
{[%clk 0:11:04]} Bg5 {[%clk 0:03:44]} 33. Re1 {[%clk 0:11:18]} e5
{[%clk 0:03:32]} 34. Bf2 {[%clk 0:11:26]} Rg4+ {[%clk 0:03:27]} 35. Kf1
{[%clk 0:11:50]} Rxc7 {[%clk 0:03:48]} 36. Rxc7+ {[%clk 0:11:01]} Kxc7
{[%clk 0:04:17]} 37. h3 {[%clk 0:11:47]} Rc4 {[%clk 0:04:30]} 38. Re2
{[%clk 0:12:09]} Bf4 {[%clk 0:04:19]} 39. Kg2 {[%clk 0:12:24]} d5
{[%clk 0:04:30]} 40. Bg3 {[%clk 0:42:50]} Bxg3 {[%clk 0:34:49]} 41. Kxg3
{[%clk 0:43:16]} Re4 {[%clk 0:34:55]} 42. Rd2 {[%clk 0:43:43]} Kd6
{[%clk 0:35:15]} 43. Kf3 {[%clk 0:44:03]} d4 {[%clk 0:35:29]} 44. Rg2
{[%clk 0:44:20]} Re3+ {[%clk 0:35:43]} 45. Kf2 {[%clk 0:44:47]} Rxh3
{[%clk 0:36:04]} 46. Rxg6+ {[%clk 0:45:14]} Kd5 {[%clk 0:36:28]} 47. Rxa6
{[%clk 0:45:39]} Rh2+ {[%clk 0:36:41]} 48. Kf3 {[%clk 0:45:58]} Rh3+
{[%clk 0:35:29]} 49. Kf2 {[%clk 0:46:19]} Ke4 {[%clk 0:35:50]} 50. Ra4
{[%clk 0:46:41]} Rh2+ {[%clk 0:36:13]} 51. Kg3 {[%clk 0:47:05]} Rxb2
{[%clk 0:36:33]} 0-1